|
|
|
|
| LEADER |
00000nam0a2200000 4500 |
| 001 |
364249 |
| 005 |
20231102011653.0 |
| 035 |
|
|
|a (RuTPU)RU\TPU\retro\21607
|
| 035 |
|
|
|a RU\TPU\retro\21604
|
| 090 |
|
|
|a 364249
|
| 100 |
|
|
|a 20211110d1960 k y0rusy50 ca
|
| 101 |
0 |
|
|a rus
|
| 102 |
|
|
|a RU
|
| 105 |
|
|
|a a z 001zy
|
| 200 |
1 |
|
|a Флотация касситерита из руды с высоким содержанием окислов железа
|f Л. П. Мацуев
|g Всесоюзный научно-исследовательский институт золота и редких металлов
|
| 210 |
|
|
|a Магадан
|c Изд-во ВНИИ-1
|d 1960
|
| 215 |
|
|
|a 32 с.
|c ил.
|
| 225 |
1 |
|
|a Труды ВНИИ-1 (Всесоюзного научно-исследовательского института золота и редких металлов)
|
| 225 |
1 |
|
|a Обогащение и металлургия
|v Вып. 48/49
|
| 320 |
|
|
|a Библиогр. в конце ст.
|
| 423 |
|
|
|t Колориметрическое определение скандия в минералах и золах углей
|f О. С. Борзаева
|a Борзаева, О. С.
|
| 606 |
1 |
|
|a Металлургия общая
|2 stltpush
|3 (RuTPU)RU\TPU\subj\43016
|9 62604
|
| 606 |
1 |
|
|a Руды
|x Обогащение
|2 stltpush
|3 (RuTPU)RU\TPU\subj\26130
|9 50128
|
| 610 |
1 |
|
|a флотация
|
| 610 |
1 |
|
|a касситерит
|
| 610 |
1 |
|
|a руды
|
| 610 |
1 |
|
|a окислы железа
|
| 610 |
1 |
|
|a колориметрия
|
| 610 |
1 |
|
|a скандий
|
| 610 |
1 |
|
|a минералы
|
| 610 |
1 |
|
|a золы
|
| 675 |
|
|
|a 669
|v 4
|
| 675 |
|
|
|a 622.7:622.34
|v 4
|
| 700 |
|
1 |
|a Мацуев
|b Л. П.
|
| 712 |
0 |
2 |
|a Всесоюзный научно-исследовательский институт золота и редких металлов
|c (Магадан)
|c (1960-1994)
|2 stltpush
|3 (RuTPU)RU\TPU\col\7605
|9 24351
|
| 801 |
|
1 |
|a RU
|b 63413507
|c 20211018
|
| 801 |
|
2 |
|a RU
|b 63413507
|c 20211110
|g RCR
|
| 942 |
|
|
|c BK
|